000 00289nam a22001337a 4500
008 170629b xxu||||| |||| 00| 0 eng d
020 _a0252060490
041 _aeng
080 _a82
100 _a22
101 _aGJL
245 _aLITERARY THEORY'S FUTURE
_cNATOLI, J
942 _2udc
_cBK
999 _c19649
_d19649